| 000 | 00544nam a2200121Ia 4500 | ||
|---|---|---|---|
| 008 | 220620s9999||||xx |||||||||||||| ||und|| | ||
| 245 | 0 |
_aRegional and Local Development in Times of Polarisation _bRe-thinking Spatial Policies in Europe |
|
| 546 | _aEnglish[eng] | ||
| 650 | _aSocial sciences||Human geography||Sociology, Urban||Culture—Study and teaching||Europe—Politics and government | ||
| 700 | _aLang, Thilo||Görmar, Franziska | ||
| 856 | _uhttps://library.oapen.org/bitstream/20.500.12657/23275/1/1006881.pdf | ||
| 942 | _cEB | ||
| 999 |
_c23195 _d23195 |
||